|
|
|
|
| LEADER |
00000nam0a2200000 4500 |
| 001 |
108905 |
| 005 |
20231101214830.0 |
| 035 |
|
|
|a (RuTPU)RU\TPU\book\117560
|
| 090 |
|
|
|a 108905
|
| 100 |
|
|
|a 20070127d1965 m y0rusy50 ca
|
| 101 |
1 |
|
|a rus
|c eng
|
| 102 |
|
|
|a RU
|
| 105 |
|
|
|a a z 001zy
|
| 200 |
1 |
|
|a Общий практикум по органической химии
|e пер. с нем.
|f под ред. А. Н. Коста
|
| 210 |
|
|
|a Москва
|c Мир
|d 1965
|
| 215 |
|
|
|a 678 с.
|c ил.
|
| 320 |
|
|
|a Библиография в конце глав.
|
| 606 |
1 |
|
|a Органическая химия
|2 stltpush
|3 (RuTPU)RU\TPU\subj\47309
|9 66362
|
| 610 |
1 |
|
|a практические работы
|
| 610 |
1 |
|
|a лабораторная техника
|
| 610 |
1 |
|
|a вещества
|
| 610 |
1 |
|
|a органические соединения
|
| 610 |
1 |
|
|a органические реакции
|
| 610 |
1 |
|
|a нуклеофильное замещение
|
| 610 |
1 |
|
|a элиминирование
|
| 610 |
1 |
|
|a электрофильное замещение
|
| 610 |
1 |
|
|a окисление
|
| 610 |
1 |
|
|a реакции
|
| 610 |
1 |
|
|a таблицы
|
| 610 |
1 |
|
|a учебники
|
| 610 |
1 |
|
|a практикумы
|
| 675 |
|
|
|a 547(076.5)
|v 3
|
| 702 |
|
1 |
|a Кост
|b А. Н.
|g Алексей Николаевич
|4 340
|
| 801 |
|
1 |
|a RU
|b 63413507
|c 20070127
|g PSBO
|
| 801 |
|
2 |
|a RU
|b 63413507
|c 20160701
|g PSBO
|
| 942 |
|
|
|c BK
|